000 01155cam a22002534a 4500
008 210301s1992 tu a b 000 0 tur d
040 _aEG-GiCUC
_btur
_cEG-GiCUC
043 _aa-tu---
092 0 4 _a378.561
_bD381
_221
099 _a04
_a378.561 D381
245 0 0 _aWhy :
_bSuleyman Demirel University :
_bIntroduction Film.
246 1 4 _aSuleyman Demirel University Oryantasyon Brosuru.
260 _aÇünür, Turkey :
_bSuleyman Demirel University ,
_c1992.
300 _a31 p. :
_bill. ;
_c29 cm. +
_e1 CD-ROM (4 3/4 in.).
521 _aAll General.
538 _aSystem requirements for Windows version: IBM PC-AT or 100% compatible; minimum 640KB RAM; minimum 2 MB hard disk space available (6MB for sound); Windows 3.1 or higher; CD-ROM drive with Microsoft CD extensions 2.1 or higher; Soundblaster v. 2.0 or higher for sound (optional); Hayes compatible phone modem for ON-LINE, auto dialer support (optional).
600 1 0 _aDemirel, Suleyman,
_d1924-2015.
650 0 _aUniversities and colleges
_zTurkey.
710 2 _aSuleyman Demirel University
905 _a1
905 _aGhada
_eRev.
905 _ahanan
_eCat.
942 _2ddc
_cBK
999 _c145387
_d145387